000 00413nam a2200181Ia 4500
001 7800
005 20260306160522.0
008 260306t1976||||xx |||||||||||||| ||spa||
041 _aESP
082 _a362.29
_bL95
100 _aLucarini, Spartaco
_eAUT
245 0 _aInforme sobre la droga
260 _c1976
300 _a305 páginas :
_ccm.
650 _aGEN
654 _aCPS
942 _cLIB
_dJUS
_fJUS
_2ddc
_n
999 _c7800
_d7800